[Event "World op 53rd"]
[Site "Philadephia"]
[Date "2025.07.03"]
[Round "2"]
[White "Bharath, Subramaniyam H"]
[Black "Girsh, Daniel"]
[Result "1-0"]
[WhiteElo "2561"]
[BlackElo "2237"]
[PlyCount "73"]
[EventDate "2025.07.03"]
[EventType "swiss"]
[EventRounds "9"]
[EventCountry "USA"]
[SourceTitle "CB28_2025"]
[SourceDate "2025.07.09"]
[SourceVersion "1"]
[SourceVersionDate "2025.07.09"]
[SourceQuality "1"]

1. e4 c5 2. Nf3 d6 3. d4 cxd4 4. Nxd4 Nf6 5. Nc3 a6 6. Qd3 e6 7. Qg3 Qb6 8. Nb3 Qc7 9. a4 b6 10. Bd3 Bb7 11. 0-0 Nbd7 12. Re1 g6 13. Bg5 Bg7 14. a5 0-0 15. axb6 Nxb6 16. Na5 Bc8 17. Qh4 Nfd7 18. Re3 f6 19. Rh3 h5 20. Bd2 Ne5 21. Be2 Bd7 22. b3 Be8 23. f4 Ned7 24. f5 exf5 25. exf5 g5 26. Qd4 g4 27. Rd3 Qc5 28. Be3 Qxf5 29. Qxd6 Nc8 30. Qb4 Ne5 31. Rd2 Rf7 32. Rd8 Qe6 33. Qe4 Rb8 34. Bc4 Qe7 35. Nc6 Qc7 36. Rxe8+ Bf8 37. Nxe5 1-0

[Event "Titled Tuesday intern op 06th May Early"]
[Site "Chess.com INT"]
[Date "2025.05.06"]
[Round "6"]
[White "Ivannikov, Maksim"]
[Black "Girsh, Daniel"]
[Result "0-1"]
[WhiteElo "2184"]
[BlackElo "2190"]
[PlyCount "128"]
[EventDate "2025.05.06"]
[EventType "swiss (blitz)"]
[EventRounds "11"]
[EventCountry "USA"]
[SourceTitle "CB20_2025"]
[SourceDate "2025.05.14"]
[SourceVersion "1"]
[SourceVersionDate "2025.05.14"]
[SourceQuality "1"]

1. e4 c5 2. Nf3 d6 3. d4 cxd4 4. Nxd4 Nf6 5. Nc3 a6 6. f3 e5 7. Nb3 Be6 8. Be3 Be7 9. Qd2 0-0 10. 0-0-0 a5 11. Bb5 Na6 12. Kb1 Nc7 13. g4 Nxb5 14. Nxb5 a4 15. Nc1 d5 16. g5 d4 17. gxf6 Bxf6 18. Nxd4 exd4 19. Bxd4 a3 20. b3 b5 21. Rhg1 g6 22. Ne2 Rc8 23. Nf4 Bxd4 24. Qxd4 Qc7 25. Qd2 Rfd8 26. Nxe6 fxe6 27. Qc1 b4 28. Rxd8+ Rxd8 29. Rd1 Rf8 30. Rd3 Qe5 31. c3 Rc8 32. Qd2 bxc3 33. Rd8+ Rxd8 34. Qxd8+ Kg7 35. Qd7+ Kh6 36. Qd3 Qxh2 37. Qxc3 Qg1+ 38. Qc1+ Qxc1+ 39. Kxc1 Kg5 40. Kd2 h5 41. Ke3 e5 42. Kf2 h4 43. Kg2 Kf6 44. Kh3 g5 45. Kg4 Ke6 46. Kh3 Kd6 47. Kg4 Kc5 48. Kh3 Kd4 49. Kg4 Ke3 50. b4 Kd4 51. b5 Kc5 52. Kxg5 h3 53. Kf5 h2 54. Kxe5 h1Q 55. f4 Kxb5 56. f5 Qg2 57. f6 Qxa2 58. Kd6 Qf7 59. e5 a2 60. e6 Qxf6 61. Kc7 Qxe6 62. Kb7 a1Q 63. Kb8 Qh8+ 64. Ka7 Qd7# 0-1

[Event "Titled Tuesday intern op 06th May Early"]
[Site "Chess.com INT"]
[Date "2025.05.06"]
[Round "9"]
[White "Kozganbay, Erkin"]
[Black "Girsh, Daniel"]
[Result "1-0"]
[WhiteElo "2260"]
[BlackElo "2190"]
[PlyCount "75"]
[EventDate "2025.05.06"]
[EventType "swiss (blitz)"]
[EventRounds "11"]
[EventCountry "USA"]
[SourceTitle "CB20_2025"]
[SourceDate "2025.05.14"]
[SourceVersion "1"]
[SourceVersionDate "2025.05.14"]
[SourceQuality "1"]

1. e4 d6 2. d4 Nf6 3. Nc3 g6 4. Be3 Bg7 5. Qd2 Ng4 6. Bg5 h6 7. Bh4 g5 8. Bg3 Nc6 9. f3 Nf6 10. 0-0-0 a6 11. h4 g4 12. h5 b5 13. d5 Ne5 14. f4 Nc4 15. Bxc4 bxc4 16. e5 Nd7 17. Qe3 Nc5 18. Nge2 Rb8 19. Nd4 Bb7 20. Nf5 Kf8 21. Bh4 f6 22. Rhe1 Bc8 23. Nxg7 Kxg7 24. exf6+ exf6 25. Qe7+ Qxe7 26. Rxe7+ Kf8 27. Bxf6 Rg8 28. Rxc7 Nd7 29. Ne4 Nxf6 30. Nxf6 Rg7 31. Rxg7 Kxg7 32. Ne8+ Kf8 33. Nxd6 Bd7 34. Nxc4 Re8 35. Ne5 Bf5 36. d6 Rb8 37. d7 Rd8 38. c4 1-0

[Event "Titled Tuesday intern op 04th Feb Late"]
[Site "Chess.com INT"]
[Date "2025.02.04"]
[Round "3"]
[White "Shuvalova, Polina"]
[Black "Girsh, Daniel"]
[Result "1-0"]
[WhiteElo "2508"]
[BlackElo "2166"]
[PlyCount "93"]
[EventDate "2025.02.04"]
[EventType "swiss (blitz)"]
[EventRounds "11"]
[EventCountry "USA"]
[SourceTitle "CB07_2025"]
[SourceDate "2025.02.12"]
[SourceVersion "1"]
[SourceVersionDate "2025.02.12"]
[SourceQuality "1"]

1. Nf3 c5 2. g3 Nf6 3. Bg2 g6 4. 0-0 Bg7 5. d3 0-0 6. e4 d5 7. Nbd2 Nc6 8. Qe2 Bg4 9. c3 e5 10. h3 Bxf3 11. Nxf3 Re8 12. Bd2 Rc8 13. Rad1 d4 14. Bc1 b5 15. Nh2 a5 16. Nf3 a4 17. a3 Na5 18. Bd2 Nb3 19. cxd4 exd4 20. Bg5 Qb6 21. Nd2 h6 22. Nxb3 axb3 23. Bxf6 Bxf6 24. f4 c4 25. e5 Bg7 26. Bd5 Red8 27. Be4 c3 28. Rc1 b4 29. axb4 Qxb4 30. h4 cxb2 31. Qxb2 Rc3 32. Rb1 Rdc8 33. Rf2 Rc2 34. Qxb3 Rc1+ 35. Rf1 Rxf1+ 36. Kxf1 Rc1+ 37. Kg2 Rxb1 38. Qd5 Qd2+ 39. Kh3 Rb2 40. Bxg6 Qh2+ 41. Kg4 Qe2+ 42. Kh3 Qf1+ 43. Kg4 Qd1+ 44. Kh3 Qf1+ 45. Kg4 Qe2+ 46. Kh3 Kh8 47. Qd8+ 1-0

[Event "Charlotte Fall IM-A"]
[Site "Charlotte"]
[Date "2024.11.25"]
[Round "6"]
[White "Girsh, Daniel"]
[Black "Stremavicius, Pijus"]
[Result "1/2-1/2"]
[WhiteElo "2180"]
[BlackElo "2346"]
[PlyCount "102"]
[EventDate "2024.11.22"]
[EventType "tourn"]
[EventRounds "9"]
[EventCountry "USA"]
[EventCategory "1"]
[SourceTitle "CB49_2024"]
[SourceDate "2024.12.04"]
[SourceVersion "1"]
[SourceVersionDate "2024.12.04"]
[SourceQuality "1"]

1. d4 e6 2. Nf3 f5 3. g3 Nf6 4. Bg2 d5 5. 0-0 Bd6 6. b3 Qe7 7. a4 0-0 8. Ba3 Nc6 9. Ne5 Bxa3 10. Nxc6 bxc6 11. Nxa3 c5 12. e3 Rb8 13. Qd2 cxd4 14. exd4 c5 15. Rfe1 Bd7 16. f3 Rfc8 17. Bf1 Rb4 18. dxc5 Qxc5+ 19. Qf2 Kf7 20. Bd3 g5 21. Nb1 h5 22. Nd2 g4 23. Qxc5 Rxc5 24. Rac1 a5 25. Kf2 Rb8 26. h4 Rbc8 27. c4 Bc6 28. b4 axb4 29. Nb3 Bxa4 30. Nxc5 Rxc5 31. cxd5 Rxd5 32. Rc7+ Bd7 33. Bc4 Rd6 34. Rb7 gxf3 35. Kxf3 Ke7 36. Rxb4 Bc6+ 37. Ke3 Ng4+ 38. Ke2 Rd4 39. Reb1 Ne5 40. Bb5 Bf3+ 41. Ke3 Rd8 42. Be2 Bg4 43. Rb8 Rd5 44. R1b5 Rxb5 45. Rxb5 Kf6 46. Rb8 Ng6 47. Bxg4 hxg4 48. Rb7 f4+ 49. Kf2 e5 50. Ra7 Nf8 51. Rb7 Ng6 1/2-1/2

[Event "Charlotte Fall IM-A"]
[Site "Charlotte"]
[Date "2024.11.22"]
[Round "2"]
[White "Girsh, Daniel"]
[Black "Bilych, Olexiy"]
[Result "1/2-1/2"]
[WhiteElo "2180"]
[BlackElo "2429"]
[PlyCount "90"]
[EventDate "2024.11.22"]
[EventType "tourn"]
[EventRounds "9"]
[EventCountry "USA"]
[EventCategory "1"]
[SourceTitle "CB49_2024"]
[SourceDate "2024.12.04"]
[SourceVersion "1"]
[SourceVersionDate "2024.12.04"]
[SourceQuality "1"]

1. e4 e5 2. Nf3 Nc6 3. Bc4 Nf6 4. d3 h6 5. 0-0 g6 6. d4 Nxe4 7. dxe5 Nc5 8. Re1 Bg7 9. Nc3 0-0 10. Bf4 Ne6 11. Bg3 b6 12. Qd2 Na5 13. Be2 Bb7 14. Rad1 Qe7 15. Qxd7 Qxd7 16. Rxd7 Rad8 17. Red1 Rxd7 18. Rxd7 Bc6 19. Rd1 Bxf3 20. Bxf3 Nc4 21. b3 Nxe5 22. Bd5 Rd8 23. Kf1 Kf8 24. Ke2 Ke7 25. f4 Nc6 26. Bxc6 Rxd1 27. Nxd1 Nd4+ 28. Kd2 Nxc6 29. f5 Ne5 30. fxg6 fxg6 31. Nf2 Ke6 32. Nd3 Kf5 33. Nxe5 Bxe5 34. Bxe5 Kxe5 35. Ke3 a5 36. c4 g5 37. g4 c6 38. a3 b5 39. cxb5 cxb5 40. a4 bxa4 41. bxa4 Kd5 42. Kd3 Kc5 43. Kc3 Kd5 44. Kd3 Kc5 45. Kc3 Kd5 1/2-1/2

[Event "Titled Tuesday intern op 24th Sep Early"]
[Site "Chess.com INT"]
[Date "2024.09.24"]
[Round "6"]
[White "Girsh, Daniel"]
[Black "Kislinsky, Alexey"]
[Result "0-1"]
[WhiteElo "2164"]
[BlackElo "2355"]
[PlyCount "54"]
[EventDate "2024.09.24"]
[EventType "swiss (blitz)"]
[EventRounds "11"]
[EventCountry "USA"]
[SourceTitle "EXT 2025"]
[Source "ChessBase"]
[SourceDate "2024.10.14"]
[SourceVersion "1"]
[SourceVersionDate "2024.10.14"]
[SourceQuality "1"]

1. e4 c5 2. Nf3 Nc6 3. Nc3 g6 4. Bc4 Bg7 5. 0-0 a6 6. a3 e6 7. Bd3 Nge7 8. Re1 0-0 9. Bf1 d6 10. d3 b6 11. Bg5 h6 12. Bf4 g5 13. Be3 Ng6 14. Nd2 d5 15. exd5 exd5 16. g3 d4 17. Bg2 Bb7 18. Nc4 dxe3 19. Nxe3 Rb8 20. Nf5 Nd4 21. Nxg7 Kxg7 22. Ne4 f5 23. Nc3 Bxg2 24. Kxg2 Qd7 25. f3 Rbe8 26. Qd2 Qc6 27. Qf2 g4 0-1

[Event "Titled Tuesday intern op 24th Sep Early"]
[Site "Chess.com INT"]
[Date "2024.09.24"]
[Round "5"]
[White "Girsh, Daniel"]
[Black "Pyrig, Roman"]
[Result "1-0"]
[WhiteElo "2164"]
[BlackElo "2414"]
[PlyCount "81"]
[EventDate "2024.09.24"]
[EventType "swiss (blitz)"]
[EventRounds "11"]
[EventCountry "USA"]
[SourceTitle "EXT 2025"]
[Source "ChessBase"]
[SourceDate "2024.10.14"]
[SourceVersion "1"]
[SourceVersionDate "2024.10.14"]
[SourceQuality "1"]

1. e4 c5 2. Nf3 d6 3. Bb5+ Nd7 4. 0-0 a6 5. Bd3 Ngf6 6. c3 g6 7. Bc2 Bg7 8. d4 cxd4 9. cxd4 0-0 10. Nc3 b5 11. e5 Ne8 12. Bf4 Nb6 13. Re1 Bb7 14. Qe2 Rc8 15. Rad1 Nd5 16. Nxd5 Bxd5 17. Bb3 Bc4 18. Qe3 Nc7 19. Bh6 Nd5 20. Qd2 e6 21. Re4 Bxb3 22. axb3 dxe5 23. Nxe5 Re8 24. g3 Bh8 25. Rh4 Bf6 26. Rg4 Ne7 27. Bg5 Nf5 28. Bxf6 Qxf6 29. Rf4 Red8 30. g4 Qg5 31. Nf3 Qh6 32. gxf5 gxf5 33. Rg4+ fxg4 34. Qxh6 gxf3 35. Rd3 Rd5 36. Rxf3 Kh8 37. Qf6+ Kg8 38. Qxf7+ Kh8 39. Qf6+ Kg8 40. Rg3+ Rg5 41. Rxg5# 1-0

[Event "Titled Tuesday intern op 24th Sep Early"]
[Site "Chess.com INT"]
[Date "2024.09.24"]
[Round "4"]
[White "Papidakis, Georgios"]
[Black "Girsh, Daniel"]
[Result "0-1"]
[WhiteElo "2106"]
[BlackElo "2164"]
[PlyCount "58"]
[EventDate "2024.09.24"]
[EventType "swiss (blitz)"]
[EventRounds "11"]
[EventCountry "USA"]
[SourceTitle "EXT 2025"]
[Source "ChessBase"]
[SourceDate "2024.10.14"]
[SourceVersion "1"]
[SourceVersionDate "2024.10.14"]
[SourceQuality "1"]

1. d4 Nf6 2. Bf4 d5 3. Nf3 c5 4. e3 Nc6 5. c3 Qb6 6. Qb3 c4 7. Qc2 Bf5 8. Qc1 h6 9. h3 e6 10. Nbd2 Be7 11. Be2 0-0 12. 0-0 Rfc8 13. b3 Qa5 14. b4 Qd8 15. a4 Bd6 16. Bxd6 Qxd6 17. Bd1 Bd3 18. Re1 Ne4 19. Bc2 f5 20. b5 Na5 21. Qb2 Nxd2 22. Nxd2 e5 23. dxe5 Qxe5 24. Nf3 Qe4 25. Rac1 f4 26. exf4 Qxf4 27. Qb4 Bxc2 28. Rxc2 Nb3 29. Rce2 Nc5 0-1

[Event "Titled Tuesday intern op 17th Sep Early"]
[Site "Chess,com INT"]
[Date "2024.09.17"]
[Round "3"]
[White "Girsh, Daniel"]
[Black "Wirig, Anthony"]
[Result "0-1"]
[WhiteElo "2164"]
[BlackElo "2430"]
[PlyCount "52"]
[EventDate "2024.09.17"]
[EventType "swiss (blitz)"]
[EventRounds "11"]
[EventCountry "USA"]
[SourceTitle "EXT 2025"]
[Source "ChessBase"]
[SourceDate "2024.10.14"]
[SourceVersion "1"]
[SourceVersionDate "2024.10.14"]
[SourceQuality "1"]

1. d4 Nf6 2. c4 e6 3. Nc3 Bb4 4. e3 d5 5. Bd3 e5 6. cxd5 Qxd5 7. Nge2 exd4 8. exd4 0-0 9. 0-0 Qa5 10. a3 Bxc3 11. Nxc3 Nc6 12. d5 Ne5 13. Bg5 Qb6 14. Ne4 Nxd5 15. Bc2 Be6 16. Qh5 Ng6 17. Rfd1 Qxb2 18. Bd3 h6 19. Bxh6 gxh6 20. Rab1 Qg7 21. Nc5 Ngf4 22. Qf3 Bg4 23. Qe4 Bf5 24. Qf3 Bg4 25. Qe4 Rae8 26. Qa4 Bxd1 0-1

[Event "Titled Tuesday intern op 10th Sep Late"]
[Site "Chess,com INT"]
[Date "2024.09.10"]
[Round "1"]
[White "Montero Martinez, Cristian"]
[Black "Girsh, Daniel"]
[Result "0-1"]
[WhiteElo "2026"]
[BlackElo "2164"]
[PlyCount "54"]
[EventDate "2024.09.10"]
[EventType "swiss (blitz)"]
[EventRounds "11"]
[EventCountry "USA"]
[SourceTitle "EXT 2025"]
[Source "ChessBase"]
[SourceDate "2024.10.14"]
[SourceVersion "1"]
[SourceVersionDate "2024.10.14"]
[SourceQuality "1"]

1. e4 b6 2. d4 Bb7 3. Bd3 e6 4. Nf3 Nf6 5. Qe2 d5 6. e5 Ne4 7. Nbd2 Nxd2 8. Bxd2 a5 9. 0-0 Ba6 10. Bxa6 Nxa6 11. a3 Be7 12. Rac1 0-0 13. c4 c5 14. cxd5 Qxd5 15. Bc3 c4 16. Rfd1 Rfc8 17. Nd2 Bg5 18. Rc2 Bxd2 19. Rcxd2 Nc7 20. a4 b5 21. axb5 Nxb5 22. Qe3 a4 23. Ra1 a3 24. bxa3 Rxa3 25. Rxa3 Nxa3 26. Bb4 c3 27. Rd1 Nc2 0-1

[Event "Titled Tuesday intern op 03rd Sep Late"]
[Site "Chess.com INT"]
[Date "2024.09.03"]
[Round "7"]
[White "Girsh, Daniel"]
[Black "Kacharava, Nikoloz"]
[Result "0-1"]
[WhiteElo "2164"]
[BlackElo "2511"]
[PlyCount "56"]
[EventDate "2024.09.03"]
[EventType "swiss (blitz)"]
[EventRounds "11"]
[EventCountry "USA"]
[SourceTitle "EXT 2025"]
[Source "ChessBase"]
[SourceDate "2024.10.14"]
[SourceVersion "1"]
[SourceVersionDate "2024.10.14"]
[SourceQuality "1"]

1. Nf3 Nf6 2. d4 d5 3. c4 e6 4. Bg5 dxc4 5. e3 b5 6. a4 c6 7. Nc3 Bb4 8. Nd2 h6 9. Bh4 Nbd7 10. Be2 Bb7 11. Bf3 a6 12. 0-0 g5 13. Bg3 h5 14. h4 g4 15. Be2 Nd5 16. Nde4 f5 17. Nd6+ Bxd6 18. Bxd6 Qxh4 19. axb5 cxb5 20. e4 Nxc3 21. bxc3 Bxe4 22. d5 e5 23. Qd2 Bxg2 24. Kxg2 Qh3+ 25. Kg1 g3 26. fxg3 Qxg3+ 27. Kh1 Qh3+ 28. Kg1 Rg8+ 0-1

[Event "Titled Tuesday intern op 03rd Sep Late"]
[Site "Chess.com INT"]
[Date "2024.09.03"]
[Round "4"]
[White "Girsh, Daniel"]
[Black "Sayed Hassan, Mohamed"]
[Result "1-0"]
[WhiteElo "2164"]
[BlackElo "2227"]
[PlyCount "87"]
[EventDate "2024.09.03"]
[EventType "swiss (blitz)"]
[EventRounds "11"]
[EventCountry "USA"]
[SourceTitle "EXT 2025"]
[Source "ChessBase"]
[SourceDate "2024.10.14"]
[SourceVersion "1"]
[SourceVersionDate "2024.10.14"]
[SourceQuality "1"]

1. d4 d5 2. c4 dxc4 3. e3 e5 4. Bxc4 exd4 5. exd4 Bd6 6. Nf3 Nf6 7. Qe2+ Be7 8. 0-0 0-0 9. Nc3 Bg4 10. h3 Bh5 11. g4 Bg6 12. Bf4 c6 13. Rad1 Re8 14. Ne5 Nd5 15. Nxd5 cxd5 16. Bb5 Rf8 17. Rfe1 Bb4 18. Bd2 Bxd2 19. Qxd2 a6 20. Ba4 b5 21. Bb3 a5 22. a3 Ra6 23. Kg2 Nc6 24. Nxc6 Rxc6 25. f3 a4 26. Rc1 Rxc1 27. Rxc1 axb3 28. Rc5 b4 29. Qxb4 Bc2 30. a4 Qf6 31. Qc3 h5 32. a5 hxg4 33. hxg4 Qf4 34. a6 Re8 35. Rc8 Rxc8 36. Qxc8+ Kh7 37. Qc3 Qb8 38. Qc5 Qa8 39. a7 Bd3 40. Qb6 Bc4 41. Qb8 Qc6 42. a8Q Qf6 43. Qh8+ Kg6 44. Qh5# 1-0

[Event "Abu Dhabi Masters Online"]
[Site "Chess.com INT"]
[Date "2024.08.21"]
[Round "6"]
[White "Girsh, Daniel"]
[Black "Alahakoon, Isuru"]
[Result "0-1"]
[WhiteElo "2190"]
[BlackElo "1924"]
[PlyCount "114"]
[EventDate "2024.08.21"]
[EventType "swiss (blitz)"]
[EventRounds "11"]
[EventCountry "UAE"]
[SourceTitle "CBM 221 Extra"]
[Source "ChessBase"]
[SourceDate "2024.09.30"]
[SourceVersion "1"]
[SourceVersionDate "2024.09.30"]
[SourceQuality "1"]

1. Nf3 d5 2. g3 Nc6 3. Bg2 e5 4. 0-0 e4 5. Ne1 h5 6. d3 h4 7. dxe4 hxg3 8. hxg3 d4 9. Nf3 Bg4 10. Nbd2 Qd7 11. Nc4 f6 12. c3 Bh3 13. Bh1 Bxf1 14. Qxf1 0-0-0 15. Bg2 Nh6 16. Bxh6 Rxh6 17. Rd1 Qe6 18. e3 dxe3 19. Nxe3 Rxd1 20. Qxd1 Bc5 21. Nf5 Rh8 22. b4 Bb6 23. a4 Rd8 24. Qe2 a6 25. Nxg7 Qb3 26. Bh3+ Kb8 27. Ne6 Qd1+ 28. Bf1 Qxe2 29. Bxe2 Re8 30. Bc4 Nd8 31. Nxd8 Rxd8 32. a5 Ba7 33. g4 Rd1+ 34. Kg2 Rc1 35. e5 fxe5 36. Nxe5 Rxc3 37. f4 Bd4 38. Bd5 c6 39. Bf3 Bxe5 40. fxe5 Re3 41. Kg3 Rxe5 42. Kf4 Re8 43. g5 Rf8+ 44. Kg4 Kc7 45. g6 Kd6 46. Kg5 Ke7 47. Bd1 Rf1 48. Bb3 Rg1+ 49. Kf5 Kf8 50. Bf7 Kg7 51. Ke6 Rb1 52. Kd6 Rxb4 53. Kc7 Rb5 54. Bc4 Rb4 55. Bf7 c5 56. Kd6 c4 57. Kc5 c3 0-1

[Event "Abu Dhabi Masters Online"]
[Site "Chess.com INT"]
[Date "2024.08.21"]
[Round "4"]
[White "Girsh, Daniel"]
[Black "Fichter, Fabian"]
[Result "1-0"]
[WhiteElo "2190"]
[BlackElo "2305"]
[PlyCount "95"]
[EventDate "2024.08.21"]
[EventType "swiss (blitz)"]
[EventRounds "11"]
[EventCountry "UAE"]
[SourceTitle "CBM 221 Extra"]
[Source "ChessBase"]
[SourceDate "2024.09.30"]
[SourceVersion "1"]
[SourceVersionDate "2024.09.30"]
[SourceQuality "1"]

1. c4 c6 2. d4 d5 3. Nf3 dxc4 4. e4 Bg4 5. Bxc4 Bxf3 6. Qxf3 e6 7. Be3 Nf6 8. 0-0 Be7 9. Nc3 0-0 10. Rad1 Nbd7 11. Rfe1 Qa5 12. a3 Rad8 13. Bd3 Rfe8 14. Bd2 Qb6 15. e5 Nd5 16. Qe4 Nf8 17. Bc1 Nxc3 18. bxc3 Qb3 19. Bc2 Qxc3 20. Re3 Qa5 21. Rh3 Qd5 22. Qg4 Qc4 23. Bb1 g6 24. Rf3 Rd7 25. Qf4 Bd8 26. h4 c5 27. Rfd3 cxd4 28. Rxd4 Rxd4 29. Rxd4 Qb5 30. Bd3 Qc5 31. Be3 Qxa3 32. Bb5 Bb6 33. Bxe8 Qe7 34. Bb5 Bxd4 35. Bxd4 a6 36. Bd3 b5 37. Qd2 Nd7 38. Qc3 Kg7 39. Qc7 Qxh4 40. Qxd7 b4 41. Bxa6 Qf4 42. Be3 Qe4 43. Bd3 Qg4 44. Qd4 Qd1+ 45. Bf1 Qxd4 46. Bxd4 b3 47. Bc4 b2 48. Bxb2 1-0

[Event "Abu Dhabi Masters Online"]
[Site "Chess.com INT"]
[Date "2024.08.21"]
[Round "3"]
[White "Girsh, Daniel"]
[Black "Troff, Kayden W"]
[Result "0-1"]
[WhiteElo "2190"]
[BlackElo "2490"]
[PlyCount "64"]
[EventDate "2024.08.21"]
[EventType "swiss (blitz)"]
[EventRounds "11"]
[EventCountry "UAE"]
[SourceTitle "CBM 221 Extra"]
[Source "ChessBase"]
[SourceDate "2024.09.30"]
[SourceVersion "1"]
[SourceVersionDate "2024.09.30"]
[SourceQuality "1"]

1. e4 c5 2. Nf3 g6 3. c3 Bg7 4. d4 cxd4 5. cxd4 d5 6. e5 a6 7. h3 Nc6 8. Nc3 f6 9. Bf4 fxe5 10. Nxe5 Nxe5 11. Bxe5 Bxe5 12. dxe5 d4 13. Qa4+ b5 14. Nxb5 Bd7 15. e6 Bxb5 16. Bxb5+ axb5 17. Qxb5+ Kf8 18. 0-0 Nf6 19. f4 Kg7 20. f5 Qd6 21. Qd3 Rab8 22. Rf2 Qe5 23. Rd1 Rhd8 24. fxg6 hxg6 25. Re2 Qf5 26. Qg3 Qh5 27. Red2 Ne4 28. Qc7 Nxd2 29. Qxe7+ Kh6 30. Rxd2 Qg5 31. Qxg5+ Kxg5 32. e7 Rd7 0-1

[Event "Titled Tuesday intern op 20th Aug Late"]
[Site "Chess.com INT"]
[Date "2024.08.20"]
[Round "4"]
[White "Girsh, Daniel"]
[Black "Sheehan, Ethan"]
[Result "1/2-1/2"]
[WhiteElo "2190"]
[BlackElo "2331"]
[PlyCount "135"]
[EventDate "2024.08.20"]
[EventType "swiss (blitz)"]
[EventRounds "11"]
[EventCountry "USA"]
[SourceTitle "EXT 2025"]
[Source "ChessBase"]
[SourceDate "2024.10.14"]
[SourceVersion "1"]
[SourceVersionDate "2024.10.14"]
[SourceQuality "1"]

1. Nf3 d5 2. d4 Nf6 3. c4 e6 4. Nc3 c6 5. Bg5 Nbd7 6. e3 h6 7. Bh4 Be7 8. Qc2 0-0 9. Rd1 a6 10. a3 dxc4 11. Bxc4 b5 12. Ba2 Bb7 13. 0-0 Qc7 14. Bg3 Qb6 15. Ne5 Nxe5 16. Bxe5 c5 17. dxc5 Qxc5 18. Bd4 Qc6 19. f4 Rfd8 20. Bb1 Rac8 21. Qe2 Rd7 22. f5 Rcd8 23. fxe6 fxe6 24. Rc1 e5 25. Ba2+ Kh8 26. Nd5 Qd6 27. Bc5 Qxc5 28. Rxc5 Bxc5 29. Rxf6 gxf6 30. Qh5 Bf8 31. e4 Bxd5 32. Bxd5 Rc7 33. Qg6 Bg7 34. h4 Rc1+ 35. Kh2 Rc2 36. b4 Rf8 37. Qf5 Rd8 38. Qe6 Rd2 39. Qe7 Rc8 40. Qd7 Rf8 41. Qb7 Rd3 42. Qxa6 f5 43. Qxb5 Rd4 44. Qc5 fxe4 45. Be6 e3 46. Bc4 Rxh4+ 47. Kg3 Re4 48. Be2 Rf2 49. Qc8+ Rf8 50. Qc2 Rd4 51. Qg6 Rd2 52. Qh5 e4 53. Qg4 Rf2 54. Bc4 Be5+ 55. Kh3 Rxg2 56. Qxg2 Rxg2 57. Kxg2 Bb2 58. Bd5 Bxa3 59. Bxe4 Bxb4 60. Bd3 Kg7 61. Be2 Kf6 62. Kf3 Kg5 63. Kxe3 h5 64. Kf3 h4 65. Kg2 Bd6 66. Kh3 Bg3 67. Bg4 Kf4 68. Be2 1/2-1/2

[Event "Titled Tuesday intern op 20th Aug Late"]
[Site "Chess.com INT"]
[Date "2024.08.20"]
[Round "6"]
[White "Girsh, Daniel"]
[Black "Van der Velden, Bram"]
[Result "0-1"]
[WhiteElo "2190"]
[BlackElo "2160"]
[PlyCount "140"]
[EventDate "2024.08.20"]
[EventType "swiss (blitz)"]
[EventRounds "11"]
[EventCountry "USA"]
[SourceTitle "EXT 2025"]
[Source "ChessBase"]
[SourceDate "2024.10.14"]
[SourceVersion "1"]
[SourceVersionDate "2024.10.14"]
[SourceQuality "1"]

1. Nf3 d5 2. e3 Nf6 3. c4 e6 4. b3 Bd6 5. Bb2 0-0 6. Nc3 b6 7. Rc1 a6 8. Be2 Bb7 9. 0-0 Qe7 10. Re1 Nbd7 11. d4 Ba3 12. Qc2 Rac8 13. cxd5 exd5 14. Bd3 Bd6 15. Ne2 c5 16. Qb1 h6 17. Bf5 c4 18. Ne5 b5 19. Nf4 Rcd8 20. bxc4 dxc4 21. Nxd7 Nxd7 22. d5 Be5 23. Rcd1 Bxb2 24. Qxb2 Qe5 25. Qc2 Nc5 26. Nh5 Nd3 27. Bxd3 cxd3 28. Qxd3 Qxh5 29. e4 Qe5 30. f4 Qxf4 31. Rf1 Qe5 32. Rf5 Qe7 33. Rdf1 f6 34. Qg3 Rfe8 35. e5 Qc5+ 36. Kh1 Rxe5 37. Rxe5 fxe5 38. Qxe5 Qxd5 39. Qg3 h5 40. h3 Rf8 41. Re1 h4 42. Qg6 Qc6 43. Qg5 Qf6 44. Qg4 Qf2 45. Re7 Qf1+ 46. Kh2 Qf4+ 47. Qxf4 Rxf4 48. Rxb7 Ra4 49. Rb8+ Kh7 50. Rb6 Rxa2 51. Kh1 Kg8 52. Kh2 Kf7 53. Kg1 Ke7 54. Rg6 b4 55. Rxg7+ Kf6 56. Rg4 a5 57. Rxh4 b3 58. Kh2 b2 59. Rh6+ Kg7 60. Rb6 a4 61. h4 a3 62. h5 Ra1 63. h6+ Kh7 64. g4 b1Q 65. Rxb1 Rxb1 66. g5 a2 67. Kg3 Kg6 68. Kh4 a1Q 69. h7 Rb4+ 70. Kg3 Qa3+ 0-1

[Event "US op 124th"]
[Site "Norfolk"]
[Date "2024.08.04"]
[Round "9"]
[White "Gilruth, Peter"]
[Black "Girsh, Daniel"]
[Result "0-1"]
[WhiteElo "1990"]
[BlackElo "2206"]
[PlyCount "98"]
[EventDate "2024.07.27"]
[EventType "swiss"]
[EventRounds "9"]
[EventCountry "USA"]
[SourceTitle "EXT 2025"]
[Source "ChessBase"]
[SourceDate "2024.10.14"]
[SourceVersion "1"]
[SourceVersionDate "2024.10.14"]
[SourceQuality "1"]

1. Nf3 c5 2. c4 Nc6 3. Nc3 g6 4. g3 Bg7 5. Bg2 Nf6 6. 0-0 0-0 7. d4 d6 8. d5 Na5 9. Nd2 a6 10. Qc2 Rb8 11. a4 e6 12. Rb1 exd5 13. Nxd5 Nxd5 14. cxd5 b5 15. b4 cxb4 16. Rxb4 Bd7 17. Bb2 Rc8 18. Qd3 Bxb2 19. Rxb2 Nc4 20. Nxc4 bxc4 21. Qa3 Rc5 22. Rc1 Qa5 23. Rb4 c3 24. Be4 Rfc8 25. Rc2 R5c7 26. Rd4 Qb6 27. e3 a5 28. Bd3 Rc5 29. h4 h5 30. Kh2 Bg4 31. Qc1 Bf3 32. Be4 Bxe4 33. Rxe4 Qb3 34. Rd4 Rc4 35. Rd3 Qxa4 36. Rcxc3 Rxc3 37. Rxc3 Rxc3 38. Qxc3 Qb4 39. Qf6 a4 40. e4 a3 41. e5 dxe5 42. d6 Qd4 43. Qe7 a2 44. d7 Qxf2+ 45. Kh3 Qf5+ 46. Kh2 Qxd7 47. Qxd7 a1Q 48. Qe7 Qa2+ 49. Kh3 Qe6+ 0-1

[Event "New York 1924 Centennial"]
[Site "New York"]
[Date "2024.07.20"]
[Round "6"]
[White "Mirzoev, Azer"]
[Black "Girsh, Daniel"]
[Result "1/2-1/2"]
[WhiteElo "2445"]
[BlackElo "2206"]
[PlyCount "92"]
[EventDate "2024.07.17"]
[EventType "swiss"]
[EventRounds "9"]
[EventCountry "USA"]
[SourceTitle "CBM 221 Extra"]
[Source "ChessBase"]
[SourceDate "2024.09.30"]
[SourceVersion "1"]
[SourceVersionDate "2024.09.30"]
[SourceQuality "1"]

1. d4 Nf6 2. Nf3 d5 3. c4 e6 4. Nc3 Nbd7 5. Bg5 Bb4 6. e3 h6 7. Bxf6 Qxf6 8. cxd5 exd5 9. Qb3 Qd6 10. Be2 c6 11. 0-0 0-0 12. Rfc1 Re8 13. a3 Ba5 14. Qc2 a6 15. g3 Nf6 16. b4 Bc7 17. Bf1 g6 18. Bg2 Bf5 19. Qb2 Ne4 20. a4 Rac8 21. b5 Nxc3 22. Rxc3 cxb5 23. axb5 a5 24. b6 Bxb6 25. Rb3 Re6 26. Ne1 Rc4 27. h4 Rb4 28. Rxb4 Qxb4 29. Qxb4 axb4 30. Bxd5 Rd6 31. Bb3 Rc6 32. Nf3 Rc3 33. Nd2 Bc2 34. Bxc2 Rxc2 35. Rd1 Kf8 36. Kf1 Ba5 37. Nb3 Bb6 38. Rd2 Rc3 39. Rb2 Ke7 40. Ke2 f5 41. Kd2 Kd6 42. Kd1 Kd5 43. Nd2 Ba5 44. Rb1 g5 45. hxg5 hxg5 46. Rb2 g4 1/2-1/2